1741 1714 1065 1729 1021 1313 1629 1541 1379 1637 1924 1652 1242 1733 1691 1526 1567 1622 1295 1616 1822 1164 1252 1671 1671 1847 1365 1854 1741 1061 1800 1863 1826 1999 1835 1437 1542 1106 1305 1425 1084 1571 1771 1057 1012 1942 1706 1178 1288 1652 1790 1780 1690 1126 1664 1973 1824 1198 1970 1104 1374 1794 1851 1611 1147 1263 1352 1269 1929 1038 1947 1340 1554 1364 1794 1505 1516 1247 1270 1506 1121 1356 1812 1516 1020 1332 1565 1738 1211 1642 1572 1172 1446 1455 1278 1134 1731 1874 1115 BCNSPRNW ULIB Ver.6.0+V

เปลี่ยนเป็นภาษาไทย

Change to English
 แสดงรายละเอียดบรรณานุกรม
  กลับหน้าหลัก

Brief Record : Get Marc (ISO 2709) : E-mail record : QR code < ปิดหน้าต่าง
LEADER : 00000nam 2200000uu 4500
001    13399110103
003     ULIB
008    110408s2550||||th 000 0 tha d
020    9747878042
060 04 WI400^bศ322ป 2550
100 0  ศักดิ์ บวร
245 10 ปัญหาระบบขับถ่าย /^cศักดิ์ บวร, เรียบเรียง
250    พิมพ์ครั้งที่ 2
260    นนทบุรี :^bสมิต,^c2550
300    80 หน้า :^bภาพประกอบ
440  0 ชุดอาหารและสุขภาพ
650  7 ระบบขับถ่าย
945    ^p70^l0^i021404
945    ^p70^l0^i021403
945    ^p70^l0^i021402
945    ^p70^l0^i021401
995    ทศพร
999 ^a ใช้งานได้ทุกระบบ
รายการนี้ยังไม่มีแท็ก
คุณยังไม่ได้ล็อกอิน คุณสามารถมีกิจกรรมร่วมกับเว็บไซต์ได้ แต่ต้องล็อกอินก่อน ::
  ล็อกอิน

รายการสื่อสารสนเทศ

ลำดับที่ ประเภท เลขเรียก/บาร์โค้ด สถานที่ สถานะ
- ไม่พบข้อมูล -

รายการใกล้เคียง
    ผู้แต่ง [ศักดิ์ บวร]

    หัวเรื่อง [ระบบขับถ่าย]

BibComment


ยังไม่เคยถูกคอมเมนท์

คอมเมนท์ทรัพยากรรายการนี้
  คอมเมนท์: ปัญหาระบบขับถ่าย ..


 Copyright 2026. Bcnsprnw @Library